Normal view MARC view

Entry Personal Name

Number of records used in: 1

001 - CONTROL NUMBER

  • control field: 556370

003 - CONTROL NUMBER IDENTIFIER

  • control field: OSt

005 - DATE AND TIME OF LATEST TRANSACTION

  • control field: 20220930094823.0

008 - FIXED-LENGTH DATA ELEMENTS

  • fixed length control field: 220930|| aca||aabn | a|a d

040 ## - CATALOGING SOURCE

  • Original cataloging agency: OSt
  • Transcribing agency: OSt

100 ## - HEADING--PERSONAL NAME

  • Personal name: डॉ. शशि सरदाना, गा

670 ## - SOURCE DATA FOUND

  • Source citation: Work cat.: (OSt)887728: पाण्डेय, मुन्ना कुमार, पारंपरिक रंग-प्रयोग में भिखारी ठाकुर के नाटकों का संस्कृति-मूलक अध्ययन, 2014
Copyright @ Delhi University Library System